Cost of geographical surveys. Letter from the Secretary of the Interior, relating to the cost of geographical surveys.

Bibliographic Details
Corporate Authors: United States. Congress. House. Committee on Appropriations, ProQuest (Firm), United States. Department of the Interior
Format: eBook
Language:English
Published: Washington : [publisher not identified], 1879.
Series:United States congressional serial set.
Subjects:
Online Access:Connect to the full text of this electronic book

MARC

Tag First Indicator Second Indicator Subfields
LEADER 00000cam a22000001a 4500
001 in00002932221
005 20190401173958.0
006 m o d
007 cr un mmmapmmp
008 060906s1879 dcu o f000 0 eng d
035 |a cis2004011105 
040 |a UMI  |c UMI  |d UtOrBLW 
043 |a n-us--- 
099 |a ProQuest Serial Set Number 1858 H.exdoc.72 
110 1 |a United States.  |b Congress.  |b House.  |b Committee on Appropriations. 
245 1 0 |a Cost of geographical surveys. Letter from the Secretary of the Interior, relating to the cost of geographical surveys. 
246 1 |a Survey of Caney Fork River, Tennessee 
264 1 |a Washington :  |b [publisher not identified],  |c 1879. 
300 |a 1 online resource. 
336 |a text  |b txt  |2 rdacontent 
337 |a computer  |b c  |2 rdamedia 
338 |a online resource  |b cr  |2 rdacarrier 
490 0 |a H.exdoc.72 
500 |a Record is based on bibliographic data in ProQuest U.S. Serial Set Digital Collection (last viewed Oct. 2006). Reuse except for individual research requires license from ProQuest, LLC. 
510 3 |a ProQuest U.S. Serial Set Digital Collection 
500 |a Electronic resource. 
650 0 |a Topographical surveying. 
651 0 |a Tennessee. 
655 7 |a Electronic books.  |2 local 
710 2 |a ProQuest (Firm) 
710 1 |a United States.  |b Department of the Interior. 
830 0 |a United States congressional serial set. 
856 4 0 |u http://proxy.library.tamu.edu/login?url=http://congressional.proquest.com/congcomp/getdoc?SERIAL-SET-ID=1858+H.exdoc.72  |z Connect to the full text of this electronic book  |t 0 
999 |a MARS 
999 f f |s 0fd9692c-e720-301b-98d1-014f555fab44  |i 54c6c2ce-273f-347a-9de0-6fc31f3f194c  |t 0 
952 f f |a Texas A&M University  |b College Station  |c Electronic Resources  |d Available Online  |t 0  |e ProQuest Serial Set Number 1858 H.exdoc.72  |h Other scheme 
998 f f |a ProQuest Serial Set Number 1858 H.exdoc.72  |t 0  |l Available Online